E-commerce or e-chaos: the path to successful procurement (Record no. 67992)

MARC details
000 -LEADER
fixed length control field 01174cam a2200229 4500
001 - CONTROL NUMBER
control field ABS64331
008 - FIXED-LENGTH DATA ELEMENTS--GENERAL INFORMATION
fixed length control field 010813n2001 000 0 eng u
035 ## - SYSTEM CONTROL NUMBER
System control number (Sirsi) u114070
100 ## - MAIN ENTRY--PERSONAL NAME
Personal name Smith, T
245 ## - TITLE STATEMENT
Title E-commerce or e-chaos: the path to successful procurement
260 ## - PUBLICATION, DISTRIBUTION, ETC.
Date of publication, distribution, etc. 2001
490 ## - SERIES STATEMENT
Series statement CSM
-- Chartered Surveyor Monthly
Volume/sequential designation (7&8) 2001, 35(1)
520 ## - SUMMARY, ETC.
Summary, etc. E-commerce has grown in use in recent years, placing more importance on engineering services, their input towards new construction and changing the approach towards design, procurement and cost management. Surveyors need to ensure that they cater for the increase in projects where the majority of risk and cost arises in the building services elements. A new RICS guidance, "Building services procurement: guidance note", is available, providing a foundation for best practice procurement for all areas of the engineering specialism.
590 ## - LOCAL NOTE (RLIN)
Local note ABS
650 ## - SUBJECT ADDED ENTRY--TOPICAL TERM
Topical term or geographic name entry element ELECTRONIC COMMERCE
650 ## - SUBJECT ADDED ENTRY--TOPICAL TERM
Topical term or geographic name entry element PROCUREMENT SYSTEMS
650 ## - SUBJECT ADDED ENTRY--TOPICAL TERM
Topical term or geographic name entry element MANAGEMENT-BUSINESS MANAGEMENT-INFORMATION MANAGEMENT
650 ## - SUBJECT ADDED ENTRY--TOPICAL TERM
Topical term or geographic name entry element GUIDANCE NOTES
650 ## - SUBJECT ADDED ENTRY--TOPICAL TERM
Topical term or geographic name entry element BEST PRACTICE
690 ## - LOCAL SUBJECT ADDED ENTRY--TOPICAL TERM (OCLC, RLIN)
Topical term or geographic name as entry element Procurement
9 (RLIN) 6260
942 ## - ADDED ENTRY ELEMENTS (KOHA)
Suppress in OPAC 0
Holdings
Withdrawn status Lost status Source of classification or shelving scheme Damaged status Not for loan Home library Current library Shelving location Date acquired Total Checkouts Full call number Barcode Date last seen Copy number Price effective from Koha item type
    Dewey Decimal Classification     London London Journal article 13/08/2001   ABS64331 114070-1001 06/08/2019 1 06/08/2019 Journal article